Visiones y visitas de Torres con don Francisco de Quevedo por la Corte

Spremljeno u:
Bibliografski detalji
Glavni autor: Torres Villarroel, Diego de
Format: Knjiga
Jezik:Undetermined
Izdano: Madrid, España Espasa-Calpe 1976
Teme:
Oznake: Dodaj oznaku
Bez oznaka, Budi prvi tko označuje ovaj zapis!

MARC

LEADER 00000nam a2200000Ia 4500
008 170316s9999 xx 000 0 und d
040 |a cru BVZT 
090 |a 862 T-16vi 
100 |a Torres Villarroel, Diego de 
245 |a Visiones y visitas de Torres con don Francisco de Quevedo por la Corte 
260 |a Madrid, España 
260 |b Espasa-Calpe 
260 |c 1976 
300 |a 272 páginas 
650 |a LITERATURA ESPAÑOLA 
999 |c 10450  |d 10450 
942 |c 15 D  |h 862 T-16vi  |2 z